Αγγλοελληνικό λεξικό ορολογίας = An English-Greek technical dictionary on architecture and civil enginering : αρχιτεκτόνων, πολιτικών μηχανικών, δομικών, σχεδιαστών
Saved in:
| Main Author: | |
|---|---|
| Format: | Book |
| Language: | Greek |
| Published: |
Θεσσαλονίκη :
Κυριακίδης,
1983
|
| Edition: | 2η έκδ., συμπλ. |
| Subjects: | |
| Tags: |
Add Tag
No Tags, Be the first to tag this record!
|
MARC
| LEADER | 00000cam a2200000 i 4500 | ||
|---|---|---|---|
| 001 | 1/85667 | ||
| 008 | 960730s1983 gre d | ||
| 035 | |l 10006318 | ||
| 040 | |a GR-MY-UA |b gre |e aacr | ||
| 041 | 0 | |a gre | |
| 082 | 0 | |a 720.03 | |
| 100 | 1 | |a Δημητρόπουλος, Ευστάθιος Γ., |d 1944- | |
| 245 | 1 | 0 | |a Αγγλοελληνικό λεξικό ορολογίας = |b An English-Greek technical dictionary on architecture and civil enginering : αρχιτεκτόνων, πολιτικών μηχανικών, δομικών, σχεδιαστών / |c Ευσταθίου Γ. Δημητρόπουλου Μ. |
| 250 | |a 2η έκδ., συμπλ. | ||
| 260 | |a Θεσσαλονίκη : |b Κυριακίδης, |c 1983 | ||
| 300 | |a 158 σ. | ||
| 650 | 0 | 0 | |a Architecture |x Dictionaries. |
| 650 | 0 | 0 | |a Civil engineering |x Dictionaries. |
| 852 | |a INST |b LESVOS |e 19960730 |h 720.03 ΔΗΜ |p 005100022905 |q 005100022905 |t REF |y 23 | ||
| 909 | |a Λ |b 009119 | ||